000 00592nam a22001817a 4500
003 UA-OsUOA
001 9440
007 ta
008 20041104b un ||||| |||| 00| 0 ukr d
100 _aЗалізняк Б.
942 _cSA
040 _aUA-OsUOA
_cUA-OsUOA
_dUA-OsUOA
245 _aСила слова письменника і громадянина : [ Про творчість Михайла Слабошпицького]
300 _aС.6
955 _a0
773 0 _w0
_tЛітературна Украіна
_dКиїв
_d2004
_g№42
650 7 _aСлабошпицький М.
_2UDC
999 _c295601
_d295601